000
00303nam a2200121Ia 4500
008
190723s9999 xx 000 0 und d
100
_a
Tomas C.Kinnear
245
0
_a
Marketing Research an Applied Approach
250
_a
5th
260
_a
New York
_b
McGraw Hill
_c
2003
300
_a
881.:P
942
_c
BK
999
_c
1379
_d
1379